[Event "26.Off.Bayer.Senioren-EM 2014"]
[Site "Bergen"]
[Date "2014.06.25"]
[Round "5.30"]
[White "Niedermaier, Peter"]
[Black "Otto, Klaus"]
[Result "1/2-1/2"]
[WhiteElo "1684"]
[BlackElo "1499"]
[PlyCount "58"]
[EventDate "2014.??.??"]
[WhiteTeam "SU Ebersberg-Grafing"]
[BlackTeam "Thüringer Schachverein Triebes"]

1. e4 e6 2. d4 d5 3. Nc3 Nf6 4. exd5 Nxd5 5. Nxd5 exd5 6. Nf3 Bg4 7. Be2 Bd6 8.
Be3 Nd7 9. h3 Bh5 10. O-O O-O 11. c3 Bg6 12. Bd3 Bxd3 13. Qxd3 Be7 14. Rfe1 Re8
15. Rac1 c6 16. b3 Nf8 17. Bf4 Ng6 18. Bh2 Qd7 19. Re3 Bd6 20. Bxd6 Qxd6 21.
Rce1 Rxe3 22. Rxe3 Qd7 23. Qe2 Kf8 24. Ne5 Nxe5 25. Rxe5 Re8 26. f4 Rxe5 27.
Qxe5 a6 28. Qb8+ Ke7 29. Qe5+ Kf8 1/2-1/2

[Event "26.Off.Bayer.Senioren-EM 2014"]
[Site "Bergen"]
[Date "2014.06.25"]
[Round "5.31"]
[White "Baumgartner, Andreas"]
[Black "Walch, Roger"]
[Result "1-0"]
[WhiteElo "1618"]
[BlackElo "1681"]
[PlyCount "75"]
[EventDate "2014.??.??"]
[WhiteTeam "ASV J'Adoube Grassau SAB"]
[BlackTeam "SW Nürnberg Süd e.V."]

1. d4 Nf6 2. c4 c5 3. e3 e6 4. Nc3 d5 5. Nf3 Nc6 6. Bd3 cxd4 7. exd4 Bb4 8. O-O
O-O 9. a3 Be7 10. c5 b6 11. b4 bxc5 12. bxc5 a6 13. Rb1 Rb8 14. h3 Qc7 15. Be3
Rd8 16. Qd2 e5 17. Nxe5 Nxe5 18. dxe5 Rxb1 19. Rxb1 Ne4 20. Qc2 Nxc3 21. Qxc3
Bb7 22. Bd4 Bf8 23. Rb6 Rc8 24. Qb3 Rb8 25. c6 Bxa3 26. Qxa3 Bxc6 27. Rxb8+
Qxb8 28. Qxa6 Bb7 29. Qb6 Qc8 30. Qc5 Qd8 31. Be2 h6 32. Bf3 Qg5 33. Bxd5 Ba6
34. Be3 Qf5 35. Bf3 Qb1+ 36. Kh2 Qf5 37. Qa5 Bc8 38. Bg4 1-0

[Event "26.Off.Bayer.Senioren-EM 2014"]
[Site "Bergen"]
[Date "2014.06.25"]
[Round "5.32"]
[White "Alefs, Willi"]
[Black "Schoenfelder, Heinrich"]
[Result "1-0"]
[WhiteElo "1533"]
[BlackElo "1692"]
[PlyCount "71"]
[EventDate "2014.??.??"]
[WhiteTeam "SC Fuldatal"]
[BlackTeam "SC Tarrasch 45 München"]

1. c4 e5 2. b3 Nc6 3. Bb2 d6 4. g3 Nf6 5. Bg2 Be7 6. Nc3 O-O 7. e3 Be6 8. Nge2
Rb8 9. O-O d5 10. cxd5 Nxd5 11. a3 Bf6 12. Ne4 Be7 13. Rc1 f6 14. Nc5 Bxc5 15.
Rxc5 Qd6 16. Qc2 Rfd8 17. b4 Rd7 18. f4 exf4 19. gxf4 Nce7 20. Nd4 Bf7 21. Rf3
c6 22. Qd3 Bg6 23. f5 Bf7 24. Qe4 Re8 25. Qg4 b6 26. Rg3 g5 27. fxg6 Bxg6 28.
Rc4 Kf7 29. h4 f5 30. Qf3 Nf6 31. Rg5 Ne4 32. Nxf5 Nxf5 33. Rxf5+ Bxf5 34.
Qxf5+ Nf6 35. Rxc6 Qxc6 36. Bxc6 1-0

[Event "26.Off.Bayer.Senioren-EM 2014"]
[Site "Bergen"]
[Date "2014.06.25"]
[Round "5.33"]
[White "Weyand, Fernand"]
[Black "Klein, Klaus"]
[Result "0-1"]
[WhiteElo "1587"]
[BlackElo "1809"]
[PlyCount "68"]
[EventDate "2014.??.??"]
[WhiteTeam "SVG Saarbrücken 1970 e.V."]
[BlackTeam "SF Heidelberg"]

1. e4 c6 2. d4 d5 3. Nc3 dxe4 4. Nxe4 Bf5 5. Ng3 Bg6 6. h4 h6 7. h5 Bh7 8. Bd3
Bxd3 9. Qxd3 Nf6 10. Bf4 e6 11. O-O-O Nbd7 12. Nf3 Be7 13. c4 Qa5 14. Kb1 O-O
15. Bd2 Bb4 16. a3 Bxd2 17. Qxd2 Qxd2 18. Rxd2 Rfd8 19. Rhd1 a5 20. Rd3 a4 21.
Kc2 b5 22. Kc3 bxc4 23. Kxc4 Ra5 24. b4 axb3 25. Rxb3 Rda8 26. Ra1 Nxh5 27. Ne4
Ra4+ 28. Kc3 Nhf6 29. Nd6 c5 30. Nb5 Ne4+ 31. Kb2 cxd4 32. Nfxd4 Ndc5 33. Rf3
Rb8 34. Ka2 e5 0-1

[Event "26.Off.Bayer.Senioren-EM 2014"]
[Site "Bergen"]
[Date "2014.06.25"]
[Round "5.34"]
[White "Hermann, Josef"]
[Black "Schuster, Herbert"]
[Result "1/2-1/2"]
[WhiteElo "1687"]
[BlackElo "1615"]
[PlyCount "120"]
[EventDate "2014.??.??"]
[WhiteTeam "TSV Trostberg"]
[BlackTeam "SK Landshut"]

1. c4 e6 2. Nc3 Nf6 3. d4 d5 4. Nf3 h6 5. Bf4 Bd6 6. Bxd6 Qxd6 7. e3 O-O 8. Qb3
Qb6 9. Qc2 Nbd7 10. cxd5 Nxd5 11. Be2 Qa5 12. O-O Nxc3 13. Qxc3 Qxc3 14. bxc3
b6 15. Bb5 Nf6 16. Bc6 Rb8 17. a4 Bd7 18. Ne5 Rfd8 19. Rfd1 Be8 20. Bxe8 Rxe8
21. Nc6 Ra8 22. f3 Nd5 23. a5 Nxe3 24. Rd3 Nc4 25. Ra4 Nd6 26. c4 f6 27. Rda3
b5 28. cxb5 Nxb5 29. Rd3 a6 30. Rc4 Na7 31. Nb4 Nb5 32. Rc6 Re7 33. d5 exd5 34.
Rxd5 Rae8 35. Nxa6 Na7 36. Rxc7 Rxc7 37. Nxc7 Re5 38. Rxe5 fxe5 39. Kf2 Kf7 40.
Ke2 Ke7 41. Ke3 Kd7 42. Nd5 Kd6 43. Nc3 Kc5 44. Ke4 Nc6 45. Nd5 Nxa5 46. Kxe5
Nc6+ 47. Ke4 Kd6 48. Nf4 Ke7 49. Kf5 Kf7 50. Nd3 Ne7+ 51. Ke4 Kf6 52. h4 Nf5
53. g4 Nxh4 54. Kf4 Ng6+ 55. Kg3 Ne5 56. Nc5 Nc6 57. Ne4+ Ke5 58. g5 h5 59. Kh4
g6 60. Ng3 Kf4 1/2-1/2

[Event "26.Off.Bayer.Senioren-EM 2014"]
[Site "Bergen"]
[Date "2014.06.25"]
[Round "5.35"]
[White "Huetter, Heinz"]
[Black "Lueders, Guenter"]
[Result "1/2-1/2"]
[WhiteElo "1438"]
[BlackElo "1659"]
[PlyCount "48"]
[EventDate "2014.??.??"]
[WhiteTeam "SC Eichenau"]
[BlackTeam "TSV 1883 Benshausen"]

1. Nf3 Nf6 2. g3 d5 3. c3 c6 4. d4 Bf5 5. Bg2 Nbd7 6. Nh4 Be6 7. O-O g6 8. b4
b5 9. Bf4 Bg7 10. Nd2 O-O 11. Nhf3 a5 12. a3 a4 13. Rc1 Rc8 14. h3 Nb6 15. g4
Ne8 16. Ne5 Nd6 17. Nd3 Ndc4 18. Nxc4 Nxc4 19. Ra1 Bd7 20. Ra2 f5 21. g5 Be8
22. Be5 Nxe5 23. Nxe5 Bxe5 24. dxe5 Bd7 1/2-1/2

[Event "26.Off.Bayer.Senioren-EM 2014"]
[Site "Bergen"]
[Date "2014.06.25"]
[Round "5.36"]
[White "Wolfram, Gisbert"]
[Black "Peiberg, Ehrhard"]
[Result "1/2-1/2"]
[WhiteElo "1637"]
[BlackElo "1483"]
[PlyCount "62"]
[EventDate "2014.??.??"]
[WhiteTeam "SU Ebersberg-Grafing"]
[BlackTeam "SC Erlangen 48/88"]

1. Nf3 Nf6 2. g3 d5 3. Bg2 c6 4. O-O g6 5. d3 Bg7 6. Nbd2 O-O 7. e4 dxe4 8.
dxe4 Qb6 9. c3 Rd8 10. Qe2 Bg4 11. h3 Bxf3 12. Nxf3 Qa6 13. Qc2 Nbd7 14. Be3 b6
15. Nd4 Rac8 16. Bg5 h6 17. Be3 Ne5 18. Rfd1 c5 19. Nf3 Nxf3+ 20. Bxf3 e5 21.
Rxd8+ Rxd8 22. Be2 Qc8 23. Kg2 Qc6 24. f3 Qc7 25. Rd1 Rxd1 26. Qxd1 Qd7 27.
Qxd7 Nxd7 28. Bc4 Kf8 29. f4 exf4 30. gxf4 f6 31. Kf3 g5 1/2-1/2

[Event "26.Off.Bayer.Senioren-EM 2014"]
[Site "Bergen"]
[Date "2014.06.25"]
[Round "5.37"]
[White "Sandner, Josef"]
[Black "Malik, Heinz"]
[Result "1-0"]
[WhiteElo "1461"]
[BlackElo "1568"]
[PlyCount "115"]
[EventDate "2014.??.??"]
[WhiteTeam "SG Traunstein/Traunreut e.V."]
[BlackTeam "SK Großweil"]

1. d4 d5 2. e3 Nf6 3. f4 e6 4. Bd3 c5 5. c3 Nc6 6. Nd2 cxd4 7. exd4 Bd6 8. g3
O-O 9. Ngf3 Ne7 10. Ne5 Nd7 11. Qf3 f5 12. g4 fxg4 13. Qxg4 Nf5 14. Ndf3 Nf6
15. Qh3 Ne4 16. Bxe4 dxe4 17. Ng5 h6 18. Nxe4 b6 19. Rg1 Bb7 20. Ng3 Qc7 21.
Nxf5 exf5 22. Qxh6 Rae8 23. Kf2 Bxe5 24. fxe5 Bd5 25. Bf4 Re6 26. Rg6 Rxg6 27.
Qxg6 Rf6 28. Qg5 Rf8 29. Rg1 Qf7 30. a3 a5 31. Qg6 Qd7 32. Bh6 Rf7 33. Bf4 b5
34. h4 Qe7 35. Bg5 Qd7 36. h5 Qe6 37. Qxe6 Bxe6 38. h6 g6 39. Bf6 Kh7 40. Bg7
Rd7 41. Rd1 a4 42. Ke3 Bc4 43. Kf4 Bd5 44. Kg5 Ra7 45. Re1 Ra6 46. Bf8 Re6 47.
Bg7 Ra6 48. Kf4 Re6 49. Ke3 Ra6 50. Kd2 Re6 51. Rc1 Rc6 52. Rb1 Rb6 53. Kc2 f4
54. Rf1 f3 55. Kd2 Re6 56. Ke3 Re7 57. Rxf3 Bxf3 58. Kxf3 1-0

[Event "26.Off.Bayer.Senioren-EM 2014"]
[Site "Bergen"]
[Date "2014.06.25"]
[Round "5.38"]
[White "Flockerzi, Armin"]
[Black "Nieswandt, Joseph"]
[Result "1-0"]
[WhiteElo "1565"]
[BlackElo "1443"]
[PlyCount "103"]
[EventDate "2014.??.??"]
[WhiteTeam "VfR-SC Koblenz"]
[BlackTeam "SC Wangen"]

1. Nf3 Nc6 2. b3 e5 3. e4 Bc5 4. Bb2 d6 5. d4 exd4 6. Nxd4 Bxd4 7. Bxd4 Nxd4 8.
Qxd4 Nf6 9. Bd3 Qe7 10. O-O Qe5 11. c3 O-O 12. Nd2 Qxd4 13. cxd4 b6 14. Rac1 c5
15. d5 a5 16. Bb5 Ba6 17. Bxa6 Rxa6 18. Rfe1 b5 19. a4 bxa4 20. bxa4 Re8 21. f3
Kf8 22. Rb1 g6 23. Nc4 Kg7 24. Rb5 Nxd5 25. Rxa5 Rxa5 26. Nxa5 Nb4 27. Rd1 Ra8
28. Nc4 Rxa4 29. Nxd6 Ra3 30. Kf2 Kf8 31. Ke2 Ra2+ 32. Rd2 Rxd2+ 33. Kxd2 Ke7
34. Nc4 Ke6 35. f4 h6 36. g3 f5 37. e5 g5 38. Ke2 Nd5 39. Kf3 g4+ 40. Kf2 Nc3
41. Ne3 h5 42. Kg2 Nd5 43. Nxd5 Kxd5 44. Kf2 Ke6 45. Ke2 Kd5 46. Kd2 Ke6 47.
Kd3 Kd5 48. Kc3 c4 49. e6 Kxe6 50. Kxc4 Kd6 51. Kd4 Ke6 52. Kc5 1-0

[Event "26.Off.Bayer.Senioren-EM 2014"]
[Site "Bergen"]
[Date "2014.06.25"]
[Round "5.39"]
[White "Rudek, Gerald"]
[Black "Stephan, Hubert"]
[Result "1/2-1/2"]
[WhiteElo "1394"]
[BlackElo "1540"]
[PlyCount "89"]
[EventDate "2014.??.??"]
[WhiteTeam "SC Feuchtwangen 1911 e.V."]
[BlackTeam "SC Prien"]

1. f4 d5 2. Nf3 Nf6 3. e3 e6 4. b3 Be7 5. Be2 b6 6. Bb2 Ba6 7. O-O O-O 8. Kh1
Bxe2 9. Qxe2 a6 10. d3 c5 11. Nbd2 Nc6 12. a3 Qc7 13. Ng5 h6 14. Nh3 b5 15. Rf3
c4 16. dxc4 Na5 17. Be5 Qc6 18. Bc3 Nb7 19. Rg3 Nd6 20. Rf3 bxc4 21. b4 Nde4
22. Be5 Nxd2 23. Qxd2 Ne4 24. Qe1 f5 25. Nf2 Nxf2+ 26. Qxf2 Bf6 27. Bd4 a5 28.
Rb1 Bxd4 29. exd4 Rfb8 30. c3 Qa4 31. Qe1 Ra6 32. Qc1 Qb5 33. Rf2 Kf7 34. Qd1
g6 35. a4 Qb7 36. b5 Rb6 37. Re2 Qe7 38. Ra1 g5 39. Rf2 g4 40. g3 Rg8 41. Qe2
Qf6 42. Re1 h5 43. Qb2 Rh8 44. Kg2 Qh6 45. Rh1 1/2-1/2

[Event "26.Off.Bayer.Senioren-EM 2014"]
[Site "Bergen"]
[Date "2014.06.25"]
[Round "5.40"]
[White "Hartlaub, Marianne"]
[Black "Garms, Ilse"]
[Result "1-0"]
[WhiteElo "1348"]
[BlackElo "1532"]
[PlyCount "79"]
[EventDate "2014.??.??"]
[WhiteTeam "SK 1982 Klingenberg e.V."]
[BlackTeam "ESV 1949 Eberswalde e.V."]

1. Nf3 d5 2. c4 c6 3. b3 Nf6 4. Bb2 e6 5. cxd5 exd5 6. g3 Be6 7. Bg2 Be7 8. O-O
h6 9. Nd4 Bd7 10. d3 Na6 11. a3 Nc7 12. b4 Qc8 13. Re1 O-O 14. e4 dxe4 15. dxe4
Re8 16. Nd2 Bh3 17. Qc2 Bxg2 18. Kxg2 Ne6 19. Nf5 Qc7 20. Rad1 Rad8 21. Nxe7+
Qxe7 22. e5 Nh7 23. Nf3 Rd7 24. Rxd7 Qxd7 25. Rd1 Qe7 26. Nh4 Rd8 27. Nf5 Qc7
28. Nd6 Nhf8 29. h4 Ng6 30. Qe2 Ne7 31. Qg4 Nd5 32. Nf5 Kh7 33. Qe4 g6 34. Nd4
Nxd4 35. Rxd4 f5 36. exf6 Nxf6 37. Qd3 Nd5 38. h5 Ne7 39. hxg6+ Nxg6 40. Rxd8
1-0

[Event "26.Off.Bayer.Senioren-EM 2014"]
[Site "Bergen"]
[Date "2014.06.25"]
[Round "5.41"]
[White "Jagdhuber, Hans"]
[Black "Stadler, Lothar"]
[Result "1-0"]
[WhiteElo "1876"]
[BlackElo "1674"]
[PlyCount "24"]
[EventDate "2014.??.??"]
[WhiteTeam "SK Keres-Augsburg 1980"]
[BlackTeam "SAbt SV Weiss-BL.Allianz"]

1. Nf3 Nf6 2. c4 c5 3. Nc3 Nc6 4. g3 e6 5. Bg2 Be7 6. O-O O-O 7. d4 cxd4 8.
Nxd4 a6 9. e4 d6 10. b3 Bd7 11. Bb2 Qc7 12. Rc1 Rad8 1-0

[Event "26.Off.Bayer.Senioren-EM 2014"]
[Site "Bergen"]
[Date "2014.06.25"]
[Round "5.42"]
[White "Moderegger, Ludwig"]
[Black "Braeu, Emmi"]
[Result "1-0"]
[WhiteElo "1528"]
[BlackElo "1331"]
[PlyCount "81"]
[EventDate "2014.??.??"]
[WhiteTeam "SF Bad Reichenhall"]
[BlackTeam "SK Marktoberdorf"]

1. d4 c5 2. c3 e6 3. Nf3 Nf6 4. g3 Nc6 5. Bg2 d5 6. O-O Be7 7. Re1 O-O 8. Nbd2
Bd7 9. Qc2 cxd4 10. Nxd4 Nxd4 11. cxd4 Rc8 12. Qb3 Rc7 13. Nf3 Qc8 14. Bf4 Rc2
15. Rac1 Rxc1 16. Rxc1 Qa8 17. Rc7 Rc8 18. Qxb7 Qxb7 19. Rxb7 Bf8 20. Be5 Bc6
21. Rxa7 Bb5 22. Rc7 Ra8 23. a3 Bxe2 24. Ng5 Bxa3 25. bxa3 h6 26. Bxf6 gxf6 27.
Nh3 Rxa3 28. Rc1 Rd3 29. Nf4 Rd1+ 30. Rxd1 Bxd1 31. Kf1 Kg7 32. Ke1 Bb3 33. Kd2
f5 34. Ne2 Kf6 35. f4 Kg6 36. Bf3 h5 37. h4 f6 38. Nc3 Bc4 39. Ke3 Bb3 40. Nb5
Bc4 41. Nc7 1-0

[Event "26.Off.Bayer.Senioren-EM 2014"]
[Site "Bergen"]
[Date "2014.06.25"]
[Round "5.43"]
[White "Siegl, Wolfgang"]
[Black "Malik, Rosemarie"]
[Result "1/2-1/2"]
[WhiteElo "1522"]
[BlackElo "1327"]
[PlyCount "88"]
[EventDate "2014.??.??"]
[WhiteTeam "SK 1926 Nördlingen-Ries"]
[BlackTeam "SK Großweil"]

1. g3 g6 2. Bg2 Bg7 3. Nf3 Nf6 4. O-O d6 5. d3 O-O 6. e4 e5 7. Nbd2 Nbd7 8. b4
b5 9. a4 bxa4 10. Rxa4 Bb7 11. Nc4 Nb6 12. Nxb6 axb6 13. c3 Qd7 14. Rxa8 Rxa8
15. Bd2 Rb8 16. Qb3 h6 17. Ra1 Ra8 18. Ra3 Qc8 19. Bc1 Rxa3 20. Bxa3 g5 21. h4
g4 22. Nh2 h5 23. Bc1 Nh7 24. Nf1 Qe6 25. c4 Bc8 26. Qa3 Qe8 27. Bd2 Qd7 28.
Qc1 Qe6 29. Qe1 f6 30. Ne3 Qf7 31. Bf1 c6 32. Be2 Nf8 33. Bd1 Qb7 34. Bb3 Kh7
35. Qc1 Be6 36. Qa3 Bh6 37. Qc1 Bxe3 38. Bxe3 c5 39. Bd2 Qg7 40. Ba4 Bf7 41.
Bc6 Ne6 42. Bc3 cxb4 43. Bxb4 Nd4 44. Qe3 Nxc6 1/2-1/2

[Event "26.Off.Bayer.Senioren-EM 2014"]
[Site "Bergen"]
[Date "2014.06.25"]
[Round "5.44"]
[White "Steffl, Herbert"]
[Black "Walther, Renate"]
[Result "1-0"]
[WhiteElo "1512"]
[BlackElo "818"]
[PlyCount "71"]
[EventDate "2014.??.??"]
[WhiteTeam "ASV J'Adoube Grassau SAB"]
[BlackTeam "SK 1911 Herzogenaurach e.V."]

1. Nf3 Nf6 2. d4 d5 3. c4 e6 4. Nc3 Bb4 5. Bd2 O-O 6. cxd5 Bxc3 7. Bxc3 exd5 8.
g3 Re8 9. Bg2 h6 10. O-O Nc6 11. e3 Bf5 12. Rc1 Qd7 13. Ne5 Nxe5 14. dxe5 Ne4
15. f4 c6 16. Bd4 Qe6 17. a3 a6 18. Re1 Rac8 19. b4 g5 20. Bxe4 dxe4 21. fxg5
Bg4 22. Qc2 Bf3 23. h4 Qh3 24. Qh2 Bg4 25. gxh6 Kh7 26. Rf1 Rc7 27. Rf6 Rg8 28.
Rcf1 Rg6 29. Rxf7+ Rxf7 30. Rxf7+ Kxh6 31. Qxh3 Bxh3 32. Kh2 Bg4 33. Rxb7 Be2
34. Rf7 Bg4 35. Bc5 Bd7 36. Rxd7 1-0

[Event "26.Off.Bayer.Senioren-EM 2014"]
[Site "Bergen"]
[Date "2014.06.25"]
[Round "5.45"]
[White "Jurgan, Brigitte"]
[Black "Rosmann, Armin"]
[Result "1-0"]
[WhiteElo "1225"]
[BlackElo "1505"]
[PlyCount "31"]
[EventDate "2014.??.??"]
[WhiteTeam "SF Bad Reichenhall"]
[BlackTeam "SG Büchenbach/Roth e.V."]

1. d4 Nf6 2. Nf3 d5 3. g3 Nc6 4. c3 Bf5 5. Bg2 e6 6. Bg5 Be7 7. Bxf6 Bxf6 8.
O-O O-O 9. Nbd2 Re8 10. Re1 g5 11. e4 dxe4 12. Nxe4 Bxe4 13. Rxe4 Ne7 14. Ne5
Nf5 15. Qh5 Ng7 16. Qxf7+ 1-0

[Event "26.Off.Bayer.Senioren-EM 2014"]
[Site "Bergen"]
[Date "2014.06.25"]
[Round "5.46"]
[White "Neiss, Albrecht"]
[Black "Kunert, Helmut"]
[Result "1-0"]
[WhiteElo "1342"]
[BlackElo "1491"]
[PlyCount "81"]
[EventDate "2014.??.??"]
[WhiteTeam "SC Kirchseeon e.V."]
[BlackTeam "SF Bad Reichenhall"]

1. d4 Nf6 2. c4 e6 3. Nc3 Bb4 4. Qc2 b6 5. a3 Bxc3+ 6. Qxc3 Bb7 7. f3 d6 8. e4
Nc6 9. Bd3 e5 10. Ne2 exd4 11. Nxd4 Nxd4 12. Qxd4 c5 13. Qc3 h6 14. O-O O-O 15.
b4 a6 16. bxc5 dxc5 17. Rd1 Qe7 18. Rb1 Qe6 19. Be3 Nd7 20. Bc2 Qe5 21. Qb3
Rfd8 22. f4 Qh5 23. Rd6 Rab8 24. Rbd1 Qe2 25. h3 Bc8 26. Qc3 Qh5 27. R1d5 Qh4
28. Bd1 Qe7 29. Qd2 Bb7 30. Rxd7 Rxd7 31. Rxd7 Qxe4 32. Bc2 Qe8 33. Bf5 Bc6 34.
Rc7 g6 35. Bd7 Bxd7 36. Rxd7 Kg7 37. Qc3+ Kg8 38. Rd5 Qe6 39. Qe5 Qxe5 40. fxe5
Re8 41. Bxh6 1-0

[Event "26.Off.Bayer.Senioren-EM 2014"]
[Site "Bergen"]
[Date "2014.06.25"]
[Round "5.47"]
[White "Borkenhagen, Bernd"]
[Black "Jehn, Detlef"]
[Result "0-1"]
[WhiteElo "1391"]
[BlackElo "1449"]
[PlyCount "90"]
[EventDate "2014.??.??"]
[WhiteTeam "SK Rinteln"]
[BlackTeam "SF Bad Reichenhall"]

1. d4 d6 2. e3 c5 3. c3 Qc7 4. Bd3 Nf6 5. Nd2 a6 6. Ngf3 h6 7. h3 b5 8. a3 Bb7
9. Qc2 Nbd7 10. Qd1 c4 11. Bc2 e5 12. dxe5 Nxe5 13. Nxe5 dxe5 14. Nf3 Rd8 15.
Qe2 Bc5 16. O-O O-O 17. Rd1 Nh7 18. Bxh7+ Kxh7 19. Bd2 Qe7 20. Be1 Rd3 21. Kf1
e4 22. Nd4 Qg5 23. Qg4 Qxg4 24. hxg4 Bc8 25. Rxd3 exd3 26. f3 g6 27. Kf2 f5 28.
gxf5 gxf5 29. g3 h5 30. Bd2 Kg6 31. Rh1 Bd7 32. Rh2 a5 33. f4 b4 34. axb4 axb4
35. cxb4 Bb6 36. Nf3 Bc7 37. Bc3 Ra8 38. Ke1 Ra1+ 39. Kd2 Ba4 40. Bd4 Rd1+ 41.
Kc3 Bb3 42. Ne5+ Bxe5 43. fxe5 Rc1+ 44. Kd2 Rc2+ 45. Kd1 Rxh2+ 0-1

[Event "26.Off.Bayer.Senioren-EM 2014"]
[Site "Bergen"]
[Date "2014.06.25"]
[Round "5.48"]
[White "Wilfert, Eva-Maria"]
[Black "Ewald, Frithjof"]
[Result "1/2-1/2"]
[WhiteElo "1414"]
[BlackElo "1355"]
[PlyCount "56"]
[EventDate "2014.??.??"]
[WhiteTeam "PTSV SK Hof 1892"]
[BlackTeam "SF Bad Reichenhall"]

1. d4 Nf6 2. c4 e6 3. a3 a5 4. Nc3 b6 5. Bg5 Be7 6. e4 d6 7. Nf3 Nfd7 8. Bxe7
Qxe7 9. Be2 h6 10. O-O Bb7 11. d5 O-O 12. Re1 e5 13. b4 axb4 14. axb4 Na6 15.
Qb3 c5 16. dxc6 Bxc6 17. b5 Nac5 18. Qc2 Bb7 19. Nd5 Qd8 20. Red1 Nf6 21. Nd2
Nxd5 22. exd5 f5 23. f3 Qf6 24. Nf1 e4 25. Rxa8 Rxa8 26. f4 Ra1 27. Ne3 Rxd1+
28. Qxd1 g6 1/2-1/2

[Event "26.Off.Bayer.Senioren-EM 2014"]
[Site "Bergen"]
[Date "2014.06.25"]
[Round "6.1"]
[White "Koller, Hubert"]
[Black "Walther, Reinhard"]
[Result "1-0"]
[WhiteElo "2089"]
[BlackElo "1885"]
[PlyCount "73"]
[EventDate "2014.??.??"]
[WhiteTeam "Mostarriche/Ypps"]
[BlackTeam "SK 1911 Herzogenaurach e.V."]

1. c4 Nf6 2. Nc3 g6 3. e4 d6 4. d4 Bg7 5. f3 O-O 6. Bg5 c5 7. d5 Bd7 8. Bd3 a5
9. Nge2 Na6 10. O-O Qe8 11. Qd2 Nc7 12. a4 Kh8 13. b3 Ng8 14. Rad1 f5 15. exf5
Bxf5 16. Bxf5 Rxf5 17. Ne4 Qd7 18. Be3 b6 19. N2g3 Rff8 20. Ng5 h6 21. Nh3 Kh7
22. Qd3 Rf7 23. Nf4 Rxf4 24. Bxf4 Rf8 25. Be3 Nf6 26. Rfe1 Qe8 27. Bd2 Qf7 28.
Bc3 Rg8 29. Re2 Nce8 30. Rde1 Bf8 31. Re3 Ng7 32. Qe2 Ngh5 33. Nxh5 Nxh5 34.
Rxe7 Bxe7 35. Qxe7 Qxe7 36. Rxe7+ Ng7 37. Rd7 1-0

[Event "26.Off.Bayer.Senioren-EM 2014"]
[Site "Bergen"]
[Date "2014.06.25"]
[Round "6.2"]
[White "Roeder, Frank"]
[Black "Urytskyy, Arkadiy"]
[Result "1/2-1/2"]
[WhiteElo "2184"]
[BlackElo "2084"]
[PlyCount "32"]
[EventDate "2014.??.??"]
[WhiteTeam "SV Altensittenbach"]
[BlackTeam "TSV Bindlach Aktionär-Schachabte"]

1. e4 c5 2. c3 Nf6 3. e5 Nd5 4. g3 e6 5. Bg2 Nc6 6. Nf3 d6 7. exd6 Bxd6 8. O-O
O-O 9. Na3 Be7 10. Nc4 Qc7 11. Qe2 b6 12. d3 Bb7 13. Bg5 Rad8 14. Bxe7 Ncxe7
15. Rfe1 Nf6 16. a4 Ng6 1/2-1/2

[Event "26.Off.Bayer.Senioren-EM 2014"]
[Site "Bergen"]
[Date "2014.06.25"]
[Round "6.3"]
[White "Schmidt, Gerhard"]
[Black "Stolpynskyy, Mark"]
[Result "1/2-1/2"]
[WhiteElo "2152"]
[BlackElo "1943"]
[PlyCount "80"]
[EventDate "2014.??.??"]
[WhiteTeam "Schachclub Unterhaching e.V."]
[BlackTeam "SW Nürnberg Süd e.V."]

1. d4 d5 2. Nf3 Nf6 3. c4 c6 4. e3 a6 5. Nc3 b5 6. b3 Bg4 7. Qc2 e6 8. Ne5 Bf5
9. Bd3 Bxd3 10. Qxd3 Bd6 11. f4 Nfd7 12. cxd5 cxd5 13. O-O f6 14. Nxd7 Nxd7 15.
e4 b4 16. Na4 O-O 17. exd5 exd5 18. Qf5 Nb6 19. Nxb6 Qxb6 20. Qxd5+ Kh8 21. Bb2
Rad8 22. Qf3 Bb8 23. g3 Qd6 24. Kg2 Ba7 25. Rfd1 Qd5 26. a3 bxa3 27. Rxa3 a5
28. b4 Bb6 29. Qxd5 Rxd5 30. bxa5 Bxa5 31. Rda1 Rb8 32. Rxa5 Rxb2+ 33. Kf3 Rxa5
34. Rxa5 Kg8 35. h4 Rb3+ 36. Kg4 Rd3 37. d5 g6 38. h5 Kg7 39. hxg6 hxg6 40.
Ra7+ Kg8 1/2-1/2

[Event "26.Off.Bayer.Senioren-EM 2014"]
[Site "Bergen"]
[Date "2014.06.25"]
[Round "6.4"]
[White "Neubauer, Jaroslaus"]
[Black "Roeder, Gerd"]
[Result "0-1"]
[WhiteElo "1889"]
[BlackElo "2016"]
[PlyCount "106"]
[EventDate "2014.??.??"]
[WhiteTeam "Schachklub Schweinfurt 2000 e.V."]
[BlackTeam "SV Altensittenbach"]

1. e4 c5 2. Nc3 Nc6 3. Nf3 Nf6 4. d4 cxd4 5. Nxd4 e5 6. Nb3 Bb4 7. Bg5 h6 8.
Bxf6 Bxc3+ 9. bxc3 Qxf6 10. Bc4 O-O 11. O-O d6 12. Qd2 Be6 13. Bd5 Bxd5 14.
Qxd5 Rac8 15. Rab1 b6 16. Rfd1 Rfd8 17. Nd2 Na5 18. Qd3 Qe6 19. a4 d5 20. Nf1
d4 21. cxd4 Rxd4 22. Qe2 Rxa4 23. Qa6 Rc7 24. Rd8+ Kh7 25. Ne3 Qa2 26. Qf1 Rxe4
27. Rbd1 Rd4 28. R1xd4 exd4 29. Qd3+ g6 30. Qxd4 f6 31. Qxf6 Rg7 32. h4 Qf7 33.
Qd6 Nb7 34. Qf8 Nxd8 35. Qxd8 Qe7 36. Qd4 Qc5 37. Qd8 Qc7 38. Qd4 Rf7 39. g3 h5
40. c4 Qc5 41. Qd8 a5 42. Kg2 Kg7 43. Qd3 a4 44. f4 a3 45. Nd5 a2 46. Qc3+ Kg8
47. Qe5 Qxc4 48. Qe8+ Kg7 49. Qe5+ Kh7 50. Nf6+ Rxf6 51. Qxf6 Qc2+ 52. Kf3 Qd1+
53. Kf2 a1=Q 0-1

[Event "26.Off.Bayer.Senioren-EM 2014"]
[Site "Bergen"]
[Date "2014.06.25"]
[Round "6.5"]
[White "Aigner, Georg"]
[Black "Fischer, Gerd"]
[Result "0-1"]
[WhiteElo "1786"]
[BlackElo "2008"]
[PlyCount "82"]
[EventDate "2014.??.??"]
[WhiteTeam "TSV Dietfurt/Altm. e.V."]
[BlackTeam "FC Gunzenhausen 1910 e.V"]

1. e4 d5 2. exd5 Nf6 3. Nc3 Nxd5 4. Nxd5 Qxd5 5. Qf3 c6 6. Qxd5 cxd5 7. d4 Bf5
8. Bb5+ Nc6 9. c3 a6 10. Be2 e6 11. Nf3 Bd6 12. Nh4 Bc2 13. Be3 O-O 14. Rc1 Ba4
15. O-O Bb5 16. Bxb5 axb5 17. a3 Na5 18. Rc2 Rfc8 19. Re2 Nc4 20. Bc1 Ra6 21.
f4 Be7 22. Nf3 Nd6 23. g4 Ne4 24. Nd2 f5 25. Nxe4 fxe4 26. Kg2 Rac6 27. Be3 Rf8
28. g5 Bd6 29. h4 Rf5 30. Kg3 Rf7 31. Ra1 Rf8 32. Rh1 g6 33. Rf1 Kg7 34. Rh1
Rh8 35. Rf1 Kf7 36. Rh1 Ke7 37. h5 Rcc8 38. hxg6 hxg6 39. Ree1 Kf7 40. Rxh8
Rxh8 41. Kf2 Rh2+ 0-1

[Event "26.Off.Bayer.Senioren-EM 2014"]
[Site "Bergen"]
[Date "2014.06.25"]
[Round "6.6"]
[White "Knollmueller, Peter"]
[Black "Daeubler, Heinrich"]
[Result "0-1"]
[WhiteElo "1815"]
[BlackElo "2044"]
[PlyCount "62"]
[EventDate "2014.??.??"]
[WhiteTeam "SK Töging"]
[BlackTeam "Schachclub Haselmühl"]

1. d4 d6 2. Nf3 g6 3. e4 Bg7 4. Bd3 Nf6 5. O-O O-O 6. h3 Nc6 7. c3 e5 8. Be3
Nh5 9. Qd2 f5 10. Bg5 Qe8 11. Bc4+ Kh8 12. exf5 gxf5 13. dxe5 dxe5 14. Bh6 Bxh6
15. Qxh6 Rf6 16. Qg5 Rg6 17. Qh4 Nf4 18. Ng5 Rg7 19. Nd2 Qg6 20. Ndf3 Be6 21.
Bb5 e4 22. g3 exf3 23. Nxf3 Nh5 24. Bxc6 bxc6 25. Ne5 Qg5 26. Qxg5 Rxg5 27.
Nxc6 f4 28. g4 Bxg4 29. hxg4 Rxg4+ 30. Kh2 Rag8 31. Kh3 f3 0-1

[Event "26.Off.Bayer.Senioren-EM 2014"]
[Site "Bergen"]
[Date "2014.06.25"]
[Round "6.7"]
[White "Selig, Rainer"]
[Black "Simin, Vladimir"]
[Result "1-0"]
[WhiteElo "1966"]
[BlackElo "1883"]
[PlyCount "85"]
[EventDate "2014.??.??"]
[WhiteTeam "Spielver. Ebersbach/SA."]
[BlackTeam "FC Ergolding 1932 e.V."]

1. d4 Nf6 2. c4 e6 3. Nc3 Bb4 4. e3 b6 5. Be2 Bb7 6. Bf3 Bxf3 7. Nxf3 O-O 8.
O-O Bxc3 9. bxc3 d5 10. cxd5 exd5 11. Ne5 Ne4 12. Qb3 c5 13. f3 c4 14. Qc2 Ng5
15. e4 Ne6 16. Ba3 Re8 17. Rae1 f6 18. Ng4 Nf4 19. Nf2 Nc6 20. g3 Ne6 21. Ng4
Nc7 22. Ne3 b5 23. Nf5 Re6 24. Re2 Qd7 25. Rfe1 Rae8 26. g4 a5 27. Kg2 g6 28.
Ng3 b4 29. Bb2 Nb5 30. Qa4 Nxc3 31. Bxc3 bxc3 32. Qb5 c2 33. Rxc2 R8e7 34. Rd1
Nb4 35. Qxd7 Rxd7 36. exd5 Rxd5 37. Rxc4 Nxa2 38. Ne4 Nb4 39. h4 Nc6 40. Nc3
Rd7 41. d5 Ne5 42. Rc8+ Kg7 43. dxe6 1-0